000 00536nam a2200217 a 4500
001 nice12345678
003 IN_TiNIC
005 20260116011730.0
008 050524s1965 dela grp 000 0 hin
020 _a
_c100
082 0 0 _a327.5405491
_bGOV
245 _aBharat Pakistan Sambandh
260 _aDelhi
_bGovt.Of India
_c1965
300 _a40p
500 _aincludes index and biblioraphy
650 _aIndia-Foreign Relations Pakistan
710 2 _aGovernment of India
902 _bSRS
942 _cBK
999 _c3582
_d3582